LEADER 01174nam a2200289 u 4500 001 000000043715 003 CaOOAMICUS 005 20070226114453.0 008 990412s1980 it u000 u ita u 035 $a10819677 040 $aPUL(R)$bita 100 1 $aVelocci, Giovanni.$0(OLS)http://pul/name/5708 245 13$aLa donna in Kierkegaard /$cGiovanni Velocci ; presentazione di Cornelio Fabro. 260 $aL'Aquila :$bL.U. Japadre ed.,$c1980. 300 $a163 p. ;$c19 cm 490 1 $aAnodos ;$v1 504 $aBibliografia in nota. 600 14$aKierkegaard, Søren,$d1813-1855.$0(OLS)http://pul/subject/4836 650 4$aDonna.$0(OLS)http://pul/subject/7073 700 1 $aFabro, Cornelio,$cc.p.s.,$d1911-1995.$0(OLS)http://pul/name/634 830 0$aAnodos ;$v1.$0(OLS)http://pul/title/58969 850 $aPUL 852 $aPUL$W1$xDP1 Cons. Gen., Altre Classi 1$y22$m43 C 37$j58912$nBK-PRI$b $qStampati$B58912$CPULBib$Z2$F58912 $H $81 941 1 $a8 961 $aINV: 47838 996 $6245$aLa donna in Kierkegaard$9(OLS)http://pul/title/58968 996 $6260$aL'Aquila :$bL.U. Japadre ed.$9(OLS)http://pul/publisher/65406 LEADER 01327nam a2200277 a 4500 001 000000163863 003 CaOOAMICUS 005 20171031103051.0 008 171031s2015 it frm z000 0 ita r 032 $aLibriCat 040 $aPUL$bita 100 1 $aDudek, Andrzej Adam.$0(OLS)http://pul/name/105279 245 11$a"Annua festa repetens sacerdotalis exordii" : $bermeneutica dei testi eucologici della messa per l'anniversario dell'ordinazione / $cDon Andrzej Adam Dudek. 260 $aRomae :$b[s.n.],$c2015. 300 $a199 p.;$c24 cm$b 500 $aAppendici: p.121-134. 502 $aEstratto da Tesi di Dottorato in Liturgia Pastorale--Pontificio Ateneo S. Anselmo--Roma, 2015. 504 $aBibliografia: p.[135]-185. 650 4$aLiturgia$xStudi.$0(OLS)http://pul/subject/13193 710 2 $aPontificio Ateneo S. Anselmo.$bPontificio Istituto Liturgico.$kTesi.$0(OLS)http://pul/name/81977 850 $aPUL 852 $aPUL$W1$xDP1 Tesi Pon. At. S. Anselmo$y29$m2015 B 3$j168034$qTesi$B191122$CPULBib$Z2$F191122 $82 941 1 $a16 996 $6245$a"Annua festa repetens sacerdotalis exordii" : $bermeneutica dei testi eucologici della messa per l'anniversario dell'ordinazione / $9(OLS)http://pul/title/203559 996 $6260$aRomae :$b[s.n.]$9(OLS)http://pul/publisher/48223